Standaryzacja systemów diagnostyki pojazdowej - prostym sposobem na poprawę stanu technicznego i bezpieczeństwa pojazdów mechanicznych / (Rekord nr 3383)
| 000 -ETYKIETA REKORDU | |
|---|---|
| podpole kontrolne o stałej długości | 01612naa a2200253 i 4500 |
| 001 - NUMER KONTROLNY REKORDU | |
| podpole kontrolne | 3383 |
| 003 - IDENTYFIKATOR NUMERU KONTROLNEGO REKORDU | |
| podpole kontrolne | KOSZ 005 |
| 005 - DATA OSTATNIEJ MODYFIKACJI REKORDU | |
| podpole kontrolne | 20180214101925.0 |
| 008 - POLE O STAŁEJ DŁUGOŚCI - DANE KONTROLNE | |
| podpole kontrolne o stałej długości | 140701s2005 pl f |100 0 pol |
| 040 ## - ŹRÓDŁO KATALOGOWANIA | |
| Instytucja, która utworzyła rekord | BPK |
| Instytucja, która dokonała modyfikacji | KOSZ 005/EG |
| 041 ## - KOD JĘZYKA | |
| Kod języka tekstu | pol |
| Kod języka streszczenia lub abstraktu | eng |
| 080 ## - UNIWERSALNA KLASYFIKACJA DZIESIĘTNA - UKD | |
| UKD | 629.33 |
| 100 1# - NAZWA OSOBOWA | |
| Nazwa osobowa | PIĄTKOWSKI, Piotr. |
| Lata pracy | 2000 - . |
| Instytucja | Politechnika Koszalińska - Wydział Mechaniczny, |
| Wydział | Katedra Mechaniki Precyzyjnej |
| 245 10 - TYTUŁ/ODPOWIEDZIALNOŚĆ | |
| Tytuł | Standaryzacja systemów diagnostyki pojazdowej - prostym sposobem na poprawę stanu technicznego i bezpieczeństwa pojazdów mechanicznych / |
| Pozostałe elementy strefy tytułu i oznaczenia odpowiedzialności | Piotr Piątkowski. |
| 246 31 - WARIANT TYTUŁU | |
| Tytuł | Standardization of vehicle's diagnostic systems - simple way to correct technical and security state of vehicles |
| 500 ## - UWAGI OGÓLNE | |
| Tekst uwagi | Dane z autopsji. |
| 520 ## - UWAGA DOTYCZĄCA TREŚCI DOKUMENTU | |
| Analiza dokumentacyjna, adnotacja itp. | Artykuł zawiera podstawowe informacje z zakresu zagadnień diagnostyki pojazdowej na poziomie diagnostyki pokładowej. Przedstawiono problematykę związaną z integracją systemów diagnostycznych różnych producentów. Opisano w skrócie system OBDII/EOBD, na którym można opierać i dalej rozwijać nowoczesne systemy diagnostyczne. |
| 650 #0 - HASŁO PRZEDMIOTOWE W FORMIE NAZWY OGÓLNEJ LUB JEDNOSTKOWEJ | |
| Nazwa ogólna lub geograficzna | Pojazdy mechaniczne - obsługa i eksploatacja. |
| 650 #0 - HASŁO PRZEDMIOTOWE W FORMIE NAZWY OGÓLNEJ LUB JEDNOSTKOWEJ | |
| Nazwa ogólna lub geograficzna | Pojazdy mechaniczne - bezpieczeństwo. |
| 655 #0 - TERMIN INDEKSOWY - OKREŚLENIE RODZAJU/FORMY DOKUMENTU | |
| Określnie rodzaju/formy dokumentu | Materiały konferencyjne. |
| 711 22 - HASŁO DODATKOWE - NAZWA IMPREZY | |
| Nazwa imprezy | Słupskie Forum Motoryzacji |
| Oznaczenie części/sekcji dzieła | (8 ; |
| Data imprezy | 2005 ; |
| Miejsce imprezy | Słupsk, Polska). |
| 773 0# - TYTUŁ DOKUMENTU MACIERZYSTEGO | |
| Wyrażenie wprowadzające | W : |
| Tytuł | VIII Konferencja naukowo-techniczna nt. Współczesne technologie w motoryzacji a bezpieczeństwo ruchu drogowego : Słupsk 24.5.2005 / pod red. Leona Kukiełki. - |
| Adres wydawniczy | Słupsk : Starostwo Powiatowe w Słupsku, 2005. - |
| Informacje dotyczące relacji | s. 179-190 |
| 942 ## - HASŁO DODATKOWE - ELEMENTY(KOHA) | |
| Typ dokumentu | Rozdział |
| Schemat klasyfikacji | Uniwersalna klasyfikacja dziesiętna |
| Wycofany | Zagubiony | Uszkodzony | Dostępność | Lokalizacja stała | Lokalizacja bieżąca | Sygnatura | Typ dokumentu |
|---|---|---|---|---|---|---|---|
| Dostępny | Bibliografia Prac Pracowników - BPK | Bibliografia Prac Pracowników - BPK | 76403 | Rozdział |
